Statistics for Airlines that Serve the Most Countries

Click here to take the quiz!

General Stats

  • This quiz has been taken 1,157 times
  • The average score is 7 of 10

Answer Stats

CountriesAirline% Correct
82British Airways
87%
62American Airlines
83%
78Emirates
82%
75Lufthansa
76%
91Air France
74%
62United Airlines
71%
78Qatar Airways
66%
67KLM
59%
121Turkish Airlines
59%
81Ethiopian Airlines
18%

Score Distribution

Percentile by Number Answered

Percent of People with Each Score

Your Score History

You have not taken this quiz